000 00724nam a2200217Ia 4500
003 IN-BaIIA
008 211028s9999 xx s 000 0 eng d
020 _a978-0-511606-49-6 (Online)
020 _a978-0-521017-10-7 (Print)
040 _cIIA Library
100 _aRieke, George
_938066
245 0 _aDetection of Light: From the Ultraviolet to the Submillimeter
_h[eBook]
250 _a2nd ed.
260 _aCambridge
_bCambridge University Press
_c2009
300 _aOnline resource
650 _aObservational Astronomy
_93292
650 _aPhysics and Astronomy
650 _aTechniques and Instrumentation
_938067
856 _uhttps://doi.org/10.1017/CBO9780511606496
_yClick Here to Access eBook
942 _cEB
999 _c20560
_d20560